000 00706nam a2200205Ia 4500
003 GCL
008 140319s9999 xx 000 0 ara d
040 _aGCL /
_cGCL
082 0 4 _aد
_b050
_bد هـ
245 1 0 _aالهلال مايو 2005 : ذكريات جزائرية
250 _aالاولى
260 _aالقاهرة :
_bدار الهلال للطباعة والنشر ،
_c2005
650 0 4 _aجرجى زيدان
650 0 4 _aاللغة العربية - تاريخ ونقد
650 0 4 _aالجزائر - الوضع الاجتماعى
650 0 4 _aالزواج العرفى
650 0 4 _aالجزائر - تاريخ
650 0 4 _aالتنمية البشرية - مصر
942 _2ddc
_cCR
999 _c7747
_d7747